Statistics for Guess the bird by photo

Click here to take the quiz!

General Stats

  • This quiz has been taken 25 times
  • The average score is 13 of 15

Answer Stats

Answer% Correct
Ostrich
100%
Penguin
100%
Bald Eagle
100%
Owl
100%
Duck
100%
Flamingo
96%
Crow
96%
Swan
96%
Chicken
91%
Toucan
87%
Roadrunner
78%
Blue Jay
70%
Kingfisher
70%
Falcon
65%
Cassowary
65%

Score Distribution

Percentile by Number Answered

Percent of People with Each Score

Your Score History

You have not taken this quiz